000
00283nam a2200121Ia 4500
008
240731s9999 xx 000 0 und d
022
_a
2000-0863
245
0
_a
GFF
260
_b
Taylor & Francis
856
_u
https://www.tandfonline.com/loi/sgff20
942
_2
ddc
942
_c
TFEJ
999
_c
76685
_d
76685
945
_a
1
_b
Madushi Gamage
_c
1
_d
Madushi Gamage